LDR 00931naa#a2200169#i#450# 001 RU\\bibl\121512 005 20260502004926.6 011 ## _a1994-5655 100 ## _a20260428b2026####ek#y0rusy0150####ca 102 ## _aRU 200 1# _aОрганизация и особенности функционирования немецких лагерей советских военнопленных в рейхскомиссариате «Украина» _eЖурнальная статья 210 1# _aСыктывкар _cФГБУ ФИЦ «Коми научный центр Уральского отделения Российской академии наук» _d2026 215 ## _a4 с. 608 ## _aЖурнальная статья _2local 675 ## _aВсеобщая история. 94 _aОккупация территорий. 341.324 _aКонцлагеря. 343.819.5 _z 700 #1 _aШкрибитько _gЕ. А. 856 4# _akomisc.editorum.ru _u